00540nai a2200157Ia 4500003000900000008004100009022002200050022002300072040001600095245004600111260003400157310001200191362002600203521006900229856008400298IN-BaIIA211028c9999 xx s 000 0 eng d a0260-437X (Print) a1099-1263 (Online) cIIA Library 0aJournal Of Applied Toxicologyh[eJournal] aNew JerseybJohn Wiley & Sons aMonthly a16(1); 1996 - Present bSubscribed through National Knowledge Resource Consortium (NKRC) uhttps://onlinelibrary.wiley.com/journal/10991263yClick Here to Access eJournal